000 00847nam a2200241Ia 4500
003 OSt
005 20220923212438.0
006 a|||||r|||| 00| 0
007 ta
008 220922b |||||||| |||| 00| 0 hin d
024 _a153,049
037 _cTextual
040 _aARTS
_cARTS
_bhin
041 _2hin
_ahin
082 _aNR44,2x, 152M9
100 _aपाठक, सुनन्दा
245 0 _aहिन्दुस्तानी संगीत मे राग की उत्पत्ति एवं विकास
246 _aHindustānī sangīt me rāg kī utpatti evan vikāsa
260 _aनई दिल्ली
_b राधा पब्लि0
_c1989
300 _a16]362 पृ.
_ccm.
942 _hNR44,2x, 152M9
_cTEXL
_2CC
999 _c308697
_d308697